[Event "Titled Tuesday intern op 6th June"]
[Site "Chess.com INT"]
[Date "2020.06.02"]
[Round "7"]
[White "Lysyj, Igor"]
[Black "Gordyk, Lubov"]
[Result "1-0"]
[WhiteElo "2594"]
[BlackElo "2166"]
[PlyCount "69"]
[EventDate "2020.06.02"]
[EventType "swiss (blitz)"]
[EventRounds "10"]
[EventCountry "USA"]
[SourceTitle "CBM 196 Extra"]
[Source "ChessBase"]
[SourceDate "2020.07.31"]
[SourceVersion "1"]
[SourceVersionDate "2020.07.31"]
[SourceQuality "1"]

1. d4 c5 2. d5 f5 3. c4 g6 4. Nc3 Bg7 5. Qc2 Nf6 6. Nf3 d6 7. Bf4 0-0 8. h3 Na6 9. e3 Nc7 10. Rd1 a6 11. a4 Rb8 12. Be2 Bd7 13. a5 b5 14. axb6 Rxb6 15. b3 h6 16. 0-0 Qe8 17. Bh2 Qf7 18. Nd2 Bc8 19. Bd3 Nd7 20. f4 Bf6 21. e4 Bd4+ 22. Kh1 Qg7 23. Ne2 Qf7 24. exf5 gxf5 25. Nxd4 cxd4 26. Nf3 Nc5 27. Nxd4 Qf6 28. Bg1 Rb7 29. Rf3 Rf7 30. Rg3+ Rg7 31. Rxg7+ Kxg7 32. Bxf5 Rb8 33. Bxc8 Rxc8 34. Nf5+ Kg8 35. Bd4 1-0

[Event "Titled Tuesday intern op 26th May"]
[Site "Chess.com INT"]
[Date "2020.05.26"]
[Round "1"]
[White "Asgarov, Vugar Rovshan"]
[Black "Gordyk, Lubov"]
[Result "0-1"]
[WhiteElo "2301"]
[BlackElo "2166"]
[PlyCount "90"]
[EventDate "2020.05.26"]
[EventType "swiss (blitz)"]
[EventRounds "10"]
[EventCountry "USA"]
[SourceTitle "CBM 196 Extra"]
[Source "ChessBase"]
[SourceDate "2020.07.31"]
[SourceVersion "1"]
[SourceVersionDate "2020.07.31"]
[SourceQuality "1"]

1. e4 g6 2. d4 Bg7 3. Nc3 d6 4. Be3 a6 5. a4 Nf6 6. f3 Nc6 7. Nge2 e5 8. g4 h5 9. g5 Ng8 10. Qd2 Nge7 11. h4 Rb8 12. a5 exd4 13. Nxd4 0-0 14. Be2 Ne5 15. 0-0-0 N7c6 16. Nd5 Be6 17. f4 Bxd5 18. exd5 Nxd4 19. Bxd4 Nd7 20. Bxg7 Kxg7 21. Qc3+ Kg8 22. Bd3 Re8 23. f5 Ne5 24. Rhf1 Qd7 25. fxg6 fxg6 26. Rf6 Rf8 27. Rdf1 Rxf6 28. Rxf6 Rf8 29. Rxf8+ Kxf8 30. b3 Ke7 31. Kb2 Kd8 32. Qd4 Qg4 33. Qa7 Qxh4 34. Qxb7 Kd7 35. Qxa6 Qd4+ 36. Ka2 Nxd3 37. cxd3 Qxd5 38. d4 h4 39. Qe2 Qxa5+ 40. Kb2 Qxg5 41. b4 h3 42. Kc3 Qg3+ 43. Kc4 d5+ 44. Kxd5 Qg2+ 45. Qxg2 hxg2 0-1

[Event "Titled Tuesday intern op 26th May"]
[Site "Chess.com INT"]
[Date "2020.05.26"]
[Round "2"]
[White "Fedoseev, Vladimir1111"]
[Black "Gordyk, Lubov"]
[Result "1-0"]
[WhiteElo "2678"]
[BlackElo "2166"]
[PlyCount "83"]
[EventDate "2020.05.26"]
[EventType "swiss (blitz)"]
[EventRounds "10"]
[EventCountry "USA"]
[SourceTitle "CBM 196 Extra"]
[Source "ChessBase"]
[SourceDate "2020.07.31"]
[SourceVersion "1"]
[SourceVersionDate "2020.07.31"]
[SourceQuality "1"]

1. d4 c5 2. d5 f5 3. g4 fxg4 4. e4 d6 5. h3 Nf6 6. Nc3 g6 7. hxg4 Bxg4 8. Bb5+ Bd7 9. Bxd7+ Qxd7 10. Nf3 Na6 11. e5 dxe5 12. Nxe5 Qf5 13. Nc4 0-0-0 14. Ne3 Qe5 15. a3 e6 16. d6 Nd5 17. Ncxd5 Rxd6 18. Qg4 Rxd5 19. Bd2 Rxd2 20. Kxd2 Bg7 21. c3 Nc7 22. Kc2 Rf8 23. Raf1 Rf4 24. Qd1 Nd5 25. Nxd5 exd5 26. Rxh7 d4 27. Qd3 dxc3 28. bxc3 c4 29. Qd2 g5 30. Kb2 Rf3 31. Rc1 Rd3 32. Qe1 Qf6 33. Qe8+ Kc7 34. Qg8 Rd2+ 35. Ka1 Rd7 36. Qxc4+ Kd8 37. Rc2 b5 38. Qxb5 Qg6 39. Qb8+ Ke7 40. Re2+ Kf7 41. Qe8+ Kf6 42. Qe6# 1-0

[Event "Titled Tuesday intern op 26th May"]
[Site "Chess.com INT"]
[Date "2020.05.26"]
[Round "4"]
[White "Gordyk, Lubov"]
[Black "Koval, Artem"]
[Result "1-0"]
[WhiteElo "2166"]
[BlackElo "2263"]
[PlyCount "31"]
[EventDate "2020.05.26"]
[EventType "swiss (blitz)"]
[EventRounds "10"]
[EventCountry "USA"]
[SourceTitle "CBM 196 Extra"]
[Source "ChessBase"]
[SourceDate "2020.07.31"]
[SourceVersion "1"]
[SourceVersionDate "2020.07.31"]
[SourceQuality "1"]

1. e4 c5 2. g3 Nc6 3. Bg2 h5 4. h3 d6 5. Ne2 Nf6 6. c3 e5 7. d4 cxd4 8. cxd4 Qb6 9. d5 Nd4 10. Nbc3 g6 11. 0-0 Bg7 12. Be3 Nxe2+ 13. Qxe2 Qd8 14. Rfc1 a6 15. Na4 Kd7 16. Nb6+ 1-0

[Event "Titled Tuesday intern op 19th May"]
[Site "Chess.com INT"]
[Date "2020.05.19"]
[Round "1"]
[White "Gordyk, Lubov"]
[Black "Tymrakiewicz, Rafal"]
[Result "1-0"]
[WhiteElo "2166"]
[BlackElo "2253"]
[PlyCount "61"]
[EventDate "2020.05.19"]
[EventType "swiss (blitz)"]
[EventRounds "10"]
[EventCountry "USA"]
[SourceTitle "EXT 2021"]
[Source "ChessBase"]
[SourceDate "2020.10.23"]
[SourceVersion "1"]
[SourceVersionDate "2020.10.23"]
[SourceQuality "1"]

1. e4 Nf6 2. Nc3 d5 3. e5 Ne4 4. Bd3 Nc5 5. Bb5+ c6 6. d4 cxb5 7. dxc5 d4 8. Nce2 Nc6 9. Nf3 Bg4 10. Nexd4 Nxe5 11. 0-0 Bxf3 12. Nxf3 Qxd1 13. Rxd1 Nxf3+ 14. gxf3 b4 15. a3 bxa3 16. Rxa3 e6 17. b4 a6 18. Be3 Rc8 19. Rad3 Be7 20. Rd7 Rd8 21. Rxd8+ Bxd8 22. c4 Bc7 23. b5 axb5 24. cxb5 Ke7 25. Ra1 Rb8 26. Ra7 Kd7 27. c6+ Kc8 28. b6 Bd6 29. c7 Bxc7 30. bxc7 Kxc7 31. Bf4+ 1-0

[Event "UKR-RUS LCWL bullet 1+1"]
[Site "Chess.com INT"]
[Date "2020.05.17"]
[Round "1.13"]
[White "Gordyk, Lubov"]
[Black "Baryshpolets, Andrey"]
[Result "0-1"]
[WhiteElo "2166"]
[BlackElo "2569"]
[PlyCount "70"]
[EventDate "2020.05.17"]
[EventType "team-match (blitz)"]
[EventRounds "2"]
[EventCountry "UKR"]
[SourceTitle "CBM 196 Extra"]
[Source "ChessBase"]
[SourceDate "2020.07.31"]
[SourceVersion "1"]
[SourceVersionDate "2020.07.31"]
[SourceQuality "1"]
[WhiteTeam "Russia"]
[BlackTeam "Ukraine"]
[WhiteTeamCountry "RUS"]
[BlackTeamCountry "UKR"]

1. e4 e6 2. d3 d5 3. Be2 Nf6 4. e5 Nfd7 5. f4 c5 6. Nf3 Nc6 7. 0-0 f6 8. c4 dxc4 9. dxc4 Be7 10. Nc3 0-0 11. exf6 Nxf6 12. Ng5 Nd4 13. Be3 b6 14. Bf3 Rb8 15. Nce4 h6 16. Nxf6+ Bxf6 17. Ne4 Nxf3+ 18. Qxf3 Bxb2 19. Rad1 Qe7 20. Rfe1 Bb7 21. Bf2 Rbd8 22. Rxd8 Rxd8 23. Qh3 Bd4 24. Ng3 Bxf2+ 25. Kxf2 Qf7 26. Qxe6 Rd2+ 27. Kf1 Qxe6 28. Rxe6 Bxg2+ 29. Ke1 Rxa2 30. Re7 Kf8 31. Rc7 Bf3 32. Nf5 g6 33. Nxh6 Rxh2 34. Nf7 Rh7 35. Rc8+ Kxf7 0-1

[Event "Titled Tuesday intern op 5th May"]
[Site "Chess.com INT"]
[Date "2020.05.05"]
[Round "9"]
[White "Sadhwani, Raunak"]
[Black "Gordyk, Lubov"]
[Result "1-0"]
[WhiteElo "2545"]
[BlackElo "2166"]
[PlyCount "97"]
[EventDate "2020.05.05"]
[EventType "swiss (blitz)"]
[EventRounds "10"]
[EventCountry "USA"]
[SourceTitle "CBM 196 Extra"]
[Source "ChessBase"]
[SourceDate "2020.07.31"]
[SourceVersion "1"]
[SourceVersionDate "2020.07.31"]
[SourceQuality "1"]

1. e4 g6 2. d4 Bg7 3. Nf3 d6 4. Bc4 e6 5. 0-0 Ne7 6. Bb3 h6 7. Qe2 a6 8. c4 Nd7 9. Nc3 b6 10. Bc2 Bb7 11. h4 e5 12. dxe5 Nxe5 13. Nxe5 Bxe5 14. f4 Bd4+ 15. Be3 Bxe3+ 16. Qxe3 Qd7 17. b4 Qg4 18. Qf2 0-0 19. Rae1 Rae8 20. Re3 Qe6 21. f5 Qe5 22. Bb3 Nxf5 23. Rf3 Bxe4 24. Re1 Qd4 25. Qxd4 Nxd4 26. Nxe4 Nxf3+ 27. gxf3 Kg7 28. Kf2 f5 29. Nc3 Rxe1 30. Kxe1 c6 31. Kf2 Kf6 32. a4 Ke5 33. Ne2 f4 34. Bc2 g5 35. h5 d5 36. cxd5 cxd5 37. Bd3 a5 38. bxa5 bxa5 39. Ke1 Rb8 40. Bb5 Rc8 41. Kd2 g4 42. fxg4 f3 43. Nc1 Kf4 44. Nd3+ Kxg4 45. Bd7+ Kxh5 46. Bxc8 Kh4 47. Bb7 Kg3 48. Bxd5 h5 49. Ke3 1-0

[Event "Titled Tuesday intern op 3rd March"]
[Site "Chess.com INT"]
[Date "2020.03.03"]
[Round "8"]
[White "Vovk, Orest"]
[Black "Gordyk, Lubov"]
[Result "1-0"]
[WhiteElo "2315"]
[BlackElo "2166"]
[PlyCount "101"]
[EventDate "2020.03.03"]
[EventType "swiss (blitz)"]
[EventRounds "10"]
[EventCountry "USA"]
[SourceTitle "EXT 2021"]
[Source "ChessBase"]
[SourceDate "2020.10.23"]
[SourceVersion "1"]
[SourceVersionDate "2020.10.23"]
[SourceQuality "1"]

1. g4 e5 2. Bg2 Nc6 3. h3 h5 4. Bxc6 bxc6 5. d4 exd4 6. Qxd4 hxg4 7. hxg4 Rxh1 8. Qe4+ Qe7 9. Qxh1 Qb4+ 10. Nc3 Qxg4 11. Bd2 Nf6 12. 0-0-0 Rb8 13. e4 Qh5 14. Qg2 Qg4 15. Qf1 d6 16. f4 Be7 17. Nf3 Nh5 18. Qh1 g6 19. f5 Ng3 20. Qh8+ Kd7 21. Ne5+ dxe5 22. Bg5+ Qxd1+ 23. Kxd1 Bxg5 24. fxg6 fxg6 25. Qxe5 Be7 26. Qxg3 g5 27. e5 Kd8 28. Kc1 Be6 29. Ne4 g4 30. Nf6 Rb5 31. Qd3+ Kc8 32. Qe4 Kb7 33. a4 Rb4 34. Qe3 Rxa4 35. Kb1 Rb4 36. b3 a5 37. Ne4 Rb5 38. Nc3 Rc5 39. Na4 Rb5 40. Qf4 Rb4 41. Qe3 Rb5 42. Kb2 Kc8 43. Nc3 Rc5 44. Ne4 Rxe5 45. Qf4 Rd5 46. Nc3 Rd6 47. Na4 Bd5 48. Qg3 Be6 49. c3 Bd7 50. Kc1 Re6 51. Qg1 1-0

[Event "Titled Tuesday intern op 4th Febr"]
[Site "Chess.com INT"]
[Date "2020.02.04"]
[Round "7"]
[White "Erigaisi, Arjun Kumar"]
[Black "Gordyk, Lubov"]
[Result "1/2-1/2"]
[WhiteElo "2563"]
[BlackElo "2166"]
[PlyCount "114"]
[EventDate "2020.02.04"]
[EventType "swiss (blitz)"]
[EventRounds "10"]
[EventCountry "USA"]
[SourceTitle "EXT 2021"]
[Source "ChessBase"]
[SourceDate "2020.10.23"]
[SourceVersion "1"]
[SourceVersionDate "2020.10.23"]
[SourceQuality "1"]

1. e4 g6 2. d4 Bg7 3. Nf3 d6 4. Bc4 e6 5. h4 h6 6. Qe2 Ne7 7. c3 a6 8. a4 b6 9. Bf4 Bb7 10. Nbd2 Nd7 11. Bd3 e5 12. Be3 Nc6 13. d5 Ne7 14. h5 g5 15. b4 a5 16. Bb5 0-0 17. g4 axb4 18. cxb4 c6 19. dxc6 Nxc6 20. Nc4 d5 21. exd5 Nxb4 22. Bxd7 Qxd7 23. Nxb6 Qxg4 24. Rg1 Qe4 25. Nd2 Qf5 26. Nxa8 Rxa8 27. Rb1 Nc2+ 28. Kd1 Bxd5 29. Qg4 Nxe3+ 30. fxe3 Qd3 31. Qe2 Qa3 32. Qb5 Qxe3 33. Re1 Bf3+ 34. Nxf3 Qxf3+ 35. Re2 Rd8+ 36. Kc1 e4 37. Qc4 Qf4+ 38. Kc2 Rd3 39. Rb3 Rxb3 40. Kxb3 Qb8+ 41. Ka2 e3 42. Qb3 Qe5 43. Qxe3 Qa1+ 44. Kb3 Qb1+ 45. Kc4 Bf6 46. a5 Qb7 47. Qb6 Qc8+ 48. Kb3 Qd7 49. Kc4 Kg7 50. a6 Qa4+ 51. Kd3 Qa3+ 52. Ke4 Qa4+ 53. Kd5 Qd7+ 54. Kc4 Qa4+ 55. Kd3 Qa3+ 56. Kc2 Qa2+ 57. Kd3 Qa3+ 1/2-1/2

[Event "Titled Tuesday intern op 4th Febr"]
[Site "Chess.com INT"]
[Date "2020.02.04"]
[Round "5"]
[White "Gordyk, Lubov"]
[Black "Svane, Rasmus"]
[Result "0-1"]
[WhiteElo "2166"]
[BlackElo "2608"]
[PlyCount "120"]
[EventDate "2020.02.04"]
[EventType "swiss (blitz)"]
[EventRounds "10"]
[EventCountry "USA"]
[SourceTitle "EXT 2021"]
[Source "ChessBase"]
[SourceDate "2020.10.23"]
[SourceVersion "1"]
[SourceVersionDate "2020.10.23"]
[SourceQuality "1"]

1. e4 c6 2. d3 d5 3. Nf3 Bg4 4. Be2 e6 5. 0-0 Nd7 6. Nbd2 Bd6 7. h3 Bh5 8. b3 Ngf6 9. Bb2 Qc7 10. Re1 0-0 11. exd5 exd5 12. Bf1 Rfe8 13. Rxe8+ Rxe8 14. Be2 Bf4 15. Nf1 Qd6 16. Nd4 Bg6 17. Bf3 Be5 18. Qc1 c5 19. Nb5 Qb6 20. Nc3 Qe6 21. Qd2 Bf5 22. Rd1 a6 23. Qc1 Qd6 24. Re1 d4 25. Nb1 b5 26. Qd1 Re6 27. Nbd2 h6 28. Bc1 Nd5 29. Nb1 N7f6 30. Bxd5 Nxd5 31. Bd2 Bg6 32. Kh1 Qc6 33. Kg1 Bf5 34. Qf3 Bg6 35. Qd1 Qd7 36. Qf3 Qd6 37. Bc1 Kh7 38. Kh1 Qd7 39. Nbd2 Nb4 40. Ne4 Qc6 41. Qd1 Nxa2 42. Bd2 Nc3 43. Bxc3 dxc3 44. Qf3 Bd4 45. Nfg3 Kh8 46. Nf5 Qd5 47. g4 a5 48. Ra1 Ra6 49. h4 a4 50. bxa4 Rxa4 51. Rb1 b4 52. h5 Bxf5 53. gxf5 Ra6 54. Rg1 b3 55. Qg2 b2 56. f6 Qxh5+ 57. Qh2 Qxh2+ 58. Kxh2 Bxf6 59. Rb1 Ra1 60. Rxb2 cxb2 0-1